Представление документа в формате RUSMARC

ПолеНазваниеЗначение
  Тип записи a
  Библиографический уровень a
001 Контрольный номер UONB/MAIN/092803c1f89246d389695ed199d65554
005 Дата корректировки 20260424171805.7
100 Данные общей обработки __
a Данные общей обработки 20260418 ||| 0rusy0189 ca
101 Язык документа 0_
a Язык текста rus
102 Страна публикации __
a Страна публикации RU
200 Заглавие и сведения об ответственности 1_
a Заглавие Динамическая адаптация защиты объектов КИИ на основе цифрового двойника и потоковой аналитики угроз
f Первые сведения об ответственности Е. С. Митяков
d Параллельное заглавие Dynamic Adaptation of CII Object Protection Based on Digital Twin and Threat Streaming Analytics
z Язык параллельного заглавия eng
203 Вид содержания и тип средства __
a Вид содержания Текст
b Характеристика содержания визуальный
c Тип средства непосредственный
215 Физическое описание __
c Иллюстрации/тип воспроизводства ил.
225 Серия 1_
a Серия Безопасность компьютерных систем
320 Библиография __
a Библиография Библиогр.: с. 57 (18 назв.)
330 Аннотация __
a Аннотация В статье изложена методика динамической адаптации защиты объектов критической информационной инфраструктуры на основе интеграции цифрового двойника и потоковой аналитики угроз. Рассматриваются ограничения традиционных статических подходов, не учитывающих каскадные эффекты и оперативную оценку угроз.
461 Уровень набора _0
1 2000
a Защита информации. Инсайд
463 Уровень физической единицы _0
1 2000
a № 1 (127)
v С. 54-57
1 2101
d 2026
1 001UONB/MAIN/96296b5e750c43999054545b1984b11e
606 Тематические рубрики 0_
a Основная рубрика Информатика
606 Тематические рубрики 0_
a Основная рубрика Информатизация общества. Информационная политика
610 Ключевые слова 0_
a Ключевые слова критическая информационная инфраструктура
610 Ключевые слова 0_
a Ключевые слова цифровой двойник
610 Ключевые слова 0_
a Ключевые слова имитационное моделирование
686 Индексы других классификаций __
2 Код системы rubbk
700 Автор _1
a Фамилия Митяков
b Имя (инициалы) Е. С.
g Полное личное имя Евгений Сергеевич
p Наименование/ адрес организации Институт кибербезопасности и цифровых технологий
4 Код отношения 070
c Титул (звания) доктор экономических наук
c Титул (звания) профессор
790 Имя лица - альтернативная форма _1
a Имя лица - альтернативная форма Mityakov
b Имя (инициалы) E. S.
4 Код отношения 070
c Титул (звания) PhD (Econ., Grand Doctor)
c Титул (звания) Full Professor
801 Источник записи _0
a Страна RU
b Организация Ульяновская ОНБ
c Дата составления 20260418
g Правила каталогизации RCR
801 Источник записи _1
a Страна RU
b Организация Ульяновская ОНБ
c Дата составления 20260418
g Правила каталогизации RCR
901 Тип документа __
t Тип документа b
w Контрольный № источника UONB/MAIN/96296b5e750c43999054545b1984b11e